[Event "OLOA 1920 SG Leipzig II - USV Halle"]
[Site "?"]
[Date "2020.01.18"]
[Round "6.3"]
[White "Puls, Thomas"]
[Black "Schunk, Thomas"]
[Result "1/2-1/2"]
[WhiteElo "2179"]
[BlackElo "2120"]
[PlyCount "137"]
[EventDate "2020.??.??"]
[EventType "team-tourn"]

{[%evp 0,137,24,24,44,44,47,10,10,-16,2,-5,14,19,21,-60,-15,-40,-42,-53,-12,-8,
-8,-8,4,-6,21,0,0,0,30,-31,14,14,36,66,42,67,67,67,86,99,62,72,91,123,99,94,85,
101,71,71,145,145,145,136,159,136,124,84,84,45,175,86,104,78,86,56,53,47,85,42,
119,39,102,9,77,77,146,37,34,6,8,-85,-76,-121,-82,-82,-83,-94,0,0,0,-26,0,0,0,
0,48,90,125,48,71,71,71,0,0,0,0,0,0,0,0,0,92,85,133,146,186,186,251,214,240,0,
0,0,0,0,0,0,0,0,0,0,0,0,0,0,0,0]} 1. e4 c5 2. Nf3 e6 3. g3 Nc6 4. Bg2 Nf6 5.
Qe2 d6 6. O-O Be7 7. c3 e5 8. h3 O-O 9. Rd1 Qc7 10. d4 cxd4 11. cxd4 exd4 12.
Na3 a6 13. Nxd4 Nxd4 14. Rxd4 Be6 15. Nc4 b5 16. Ne3 Rac8 17. b3 Nd7 18. Nd5
Bxd5 19. Rxd5 Nb6 20. Rd3 Bf6 21. Rb1 Rfe8 22. Bf4 Be5 23. Be3 Nd7 24. Rbd1 Nc5
25. Rd5 g6 26. f4 Bg7 27. e5 Bf8 28. exd6 Qd7 29. Qf3 Ne4 30. Bd4 Nxd6 31. Qd3
Qc7 32. Be5 Qb6+ 33. Kh2 Nf5 34. g4 Ng7 35. Rd7 Ne6 36. Qd2 Red8 37. Qe2 Rxd7
38. Rxd7 Rd8 39. Rxd8 Qxd8 40. Qc2 Bd6 41. Qc6 Bxe5 42. fxe5 Qd4 43. Qxa6 Qxe5+
44. Kh1 Nd4 45. Qc8+ Kg7 46. Qc3 g5 47. a4 b4 48. Qa1 f6 49. a5 Qe3 50. Qg1 Qc3
51. a6 Ne2 52. Qd1 Ng3+ 53. Kh2 Qc7 54. Qf3 Ne2+ 55. Kh1 Qc1+ 56. Bf1 Nd4 57.
Qf2 Qa1 58. Kg2 Nxb3 59. Qe3 Qc3 60. Qxc3 bxc3 61. Bd3 Nc5 62. a7 Nxd3 63. a8=Q
c2 64. Qb7+ Kg6 65. Qe4+ Kg7 66. Qe7+ Kg6 67. Qe8+ Kg7 68. Qe7+ Kg6 69. Qe8+
1/2-1/2

[Event "OLOA 1920 SG Leipzig II - USV Halle"]
[Site "?"]
[Date "2020.01.18"]
[Round "6.4"]
[White "Schultz, Andreas"]
[Black "Reipsch, Jens"]
[Result "1/2-1/2"]
[WhiteElo "2186"]
[BlackElo "2243"]
[PlyCount "101"]
[EventDate "2020.??.??"]
[EventType "team-tourn"]

{[%evp 0,101,24,13,32,-7,-7,-23,33,-9,20,3,34,40,40,7,19,19,54,62,73,59,83,62,
87,104,137,115,132,125,141,125,125,126,126,119,202,162,162,153,181,146,154,130,
169,177,176,165,160,147,152,118,166,143,155,129,155,155,193,176,179,147,172,
203,208,178,212,196,215,174,185,145,145,101,89,83,57,55,51,43,43,29,25,31,40,
39,49,32,40,28,31,41,45,-121,-114,-117,-116,-116,-116,-132,-136,-126,-136,-116]
} 1. d4 Nf6 2. c4 e6 3. Nc3 b6 4. e4 Bb7 5. f3 d6 6. Be3 Be7 7. Qd2 c5 8. d5 e5
9. Bd3 Nbd7 10. Nge2 h6 11. O-O-O a6 12. Kb1 Qc7 13. g4 O-O-O 14. Ng3 Kb8 15.
Nf5 Bf8 16. h4 Ng8 17. h5 f6 18. Ne2 Ne7 19. Rdg1 Ka8 20. f4 Re8 21. Nh4 Bc8
22. f5 Bb7 23. Ka1 Nc8 24. Rb1 Be7 25. Rhc1 Rhf8 26. a3 Rf7 27. Rc2 Na7 28. b4
Rb8 29. Rcb2 Bd8 30. Qc2 Bc8 31. Nc3 Rb7 32. Nf3 Qb8 33. Nd2 Re7 34. Nb3 Rf7
35. bxc5 Nxc5 36. Nxc5 bxc5 37. Na4 Rxb2 38. Rxb2 Rb7 39. Ka2 Bd7 40. Rxb7 Qxb7
41. Bd2 Nc8 42. Nb2 Be8 43. Qc1 Nb6 44. Bc2 Kb8 45. Bb3 Kc8 46. Kb1 Nxd5 47.
exd5 Qxb3 48. Qc3 Ba4 49. Qxb3 Bxb3 50. Kc1 Kd7 51. Bc3 1/2-1/2

[Event "OLOA 1920 SG Leipzig II - USV Halle"]
[Site "?"]
[Date "2020.01.18"]
[Round "6.5"]
[White "Schulte, Felix"]
[Black "Fasshauer, Jacob"]
[Result "1/2-1/2"]
[WhiteElo "2117"]
[BlackElo "2118"]
[PlyCount "65"]
[EventDate "2020.??.??"]
[EventType "team-tourn"]

{[%evp 0,65,24,19,13,-16,8,8,8,-11,13,7,10,10,17,17,19,10,-4,-4,-4,-4,-4,-26,
-26,-34,-32,-28,-38,-42,-45,-45,-13,-38,-9,-23,-1,-41,-1,-82,-34,-39,-28,-55,
-51,-38,-15,-15,1,1,14,10,-4,-4,-4,-4,10,0,7,2,0,0,0,0,0,-19,-3,-7]} 1. e3 Nf6
2. b3 e6 3. Bb2 Be7 4. f4 d6 5. Nf3 O-O 6. Be2 c5 7. O-O Nc6 8. c4 b6 9. d4 Bb7
10. Nc3 d5 11. Ne5 cxd4 12. Nxc6 Bxc6 13. exd4 Qd7 14. Qd3 Rfd8 15. Rad1 Qb7
16. Qh3 Re8 17. Bd3 g6 18. Rde1 Bf8 19. Nb1 a5 20. Nd2 a4 21. Nf3 axb3 22. axb3
Bg7 23. Ne5 Red8 24. Ra1 Rxa1 25. Rxa1 Ra8 26. Rxa8+ Qxa8 27. Nxc6 Qxc6 28. Qe3
Qa8 29. Bb1 Qc6 30. Bd3 Qa8 31. Bb1 Qc6 32. Qc3 h5 33. Bc1 1/2-1/2

[Event "OLOA 1920 SG Leipzig II - USV Halle"]
[Site "?"]
[Date "2020.01.18"]
[Round "6.7"]
[White "Groeger, Stefan"]
[Black "Limpert, Michael"]
[Result "1/2-1/2"]
[WhiteElo "2115"]
[BlackElo "2142"]
[PlyCount "42"]
[EventDate "2020.??.??"]
[EventType "team-tourn"]

{[%evp 0,42,24,13,20,-10,33,22,24,24,24,42,42,30,73,50,54,54,66,26,28,4,5,3,25,
-12,-12,-21,-26,-26,-2,-26,-26,-23,25,-26,-4,8,8,-7,-4,-9,-8,0,0]} 1. d4 d5 2.
c4 c6 3. e3 Nf6 4. Nf3 e6 5. Nc3 Nbd7 6. Bd3 a6 7. O-O dxc4 8. Bxc4 b5 9. Bd3
c5 10. b3 Bb7 11. Bb2 Be7 12. Qe2 O-O 13. Rad1 cxd4 14. Nxd4 Nc5 15. Bb1 Qb6
16. b4 Nce4 17. a3 Rac8 18. Nxe4 Bxe4 19. Rc1 Bxb1 20. Rxc8 Rxc8 21. Rxb1 Ne4
1/2-1/2

[Event "OLOA 1920 SG Leipzig II - USV Halle"]
[Site "?"]
[Date "2020.01.18"]
[Round "6.8"]
[White "Greger, Ubald"]
[Black "Hentzgen, Thomas"]
[Result "1-0"]
[WhiteElo "2106"]
[BlackElo "2017"]
[PlyCount "111"]
[EventDate "2020.??.??"]
[EventType "team-tourn"]

{[%evp 0,111,24,24,35,8,19,-36,-33,-36,3,-40,-24,-40,21,-6,-8,-27,12,1,6,-20,
-8,-51,70,59,59,50,68,63,88,45,49,49,53,53,53,50,50,44,44,56,56,85,85,73,89,82,
89,90,179,163,173,173,165,176,188,175,188,132,245,146,178,144,144,143,143,140,
140,138,148,143,169,169,169,162,165,150,165,147,147,133,190,190,190,193,193,
197,243,246,245,245,245,245,237,245,245,245,245,245,256,245,258,259,282,301,
281,325,375,440,484,484,518,527]} 1. e4 e6 2. d3 d5 3. Nd2 Nf6 4. Ngf3 Be7 5.
g3 O-O 6. Bg2 c5 7. O-O Nc6 8. Re1 b5 9. exd5 exd5 10. d4 c4 11. a4 Rb8 12. Ne5
Nxe5 13. dxe5 Ng4 14. h3 Nh6 15. Nf1 Bc5 16. Qxd5 Qxd5 17. Bxd5 Bxh3 18. axb5
Ng4 19. Be3 Nxe3 20. Nxe3 Bxe3 21. Rxe3 Rxb5 22. Bxc4 Rxb2 23. Bb3 Bf5 24. Rc3
Bg6 25. Rxa7 Rb1+ 26. Kg2 Rc1 27. f4 Rd8 28. Kf2 Rcd1 29. Rac7 h5 30. Rc8 Bf5
31. Rxd8+ Rxd8 32. Rc7 Be6 33. Bxe6 fxe6 34. Ke3 Kf8 35. c4 Rd1 36. c5 Rc1 37.
c6 g6 38. Rc8+ Ke7 39. c7 Kd7 40. Rg8 Kxc7 41. Rxg6 Kd7 42. Rh6 Rh1 43. Kf2 Ke7
44. Kg2 Ra1 45. Rh7+ Kf8 46. Rxh5 Kg7 47. Kf3 Kg6 48. Rh8 Kg7 49. Rd8 Kf7 50.
Kg4 Rg1 51. Rd7+ Kf8 52. Kh4 Rg2 53. g4 Rg1 54. Kg5 Ke8 55. Ra7 Kd8 56. Rg7 1-0

[Event "OLOA 1920 SV Rochade Magdeburg 96 - Nic"]
[Site "?"]
[Date "2020.01.18"]
[Round "6.1"]
[White "Cerveny, Martin"]
[Black "Hollan, Martin"]
[Result "1-0"]
[WhiteElo "2362"]
[BlackElo "2353"]
[PlyCount "97"]
[EventDate "2020.??.??"]
[EventType "team-tourn"]

{[%evp 0,87,26,20,20,9,38,8,25,39,26,14,14,-56,6,3,8,8,40,17,22,-4,-4,-28,14,
-9,29,-23,-22,-15,-30,-30,64,5,32,-25,-3,-49,-48,-48,-25,-52,-90,-95,-62,-62,
-60,-60,-42,-33,-7,-7,-13,-13,-13,-49,-49,-122,-25,-28,5,-78,-90,-71,36,24,25,
-154,-79,-92,-92,-92,-3,-144,-134,-230,-327,-327,-130,-114,-93,-105,-95,-155,
-105,-195,-35,0,0,-24]} 1. d4 Nf6 2. Nf3 e6 3. Bf4 d5 4. e3 Bd6 5. Bg3 O-O 6.
c4 b6 7. Nc3 Bb7 8. cxd5 exd5 9. Qc2 c5 10. Be2 Nc6 11. Rd1 c4 12. Ne5 a6 13.
f4 b5 14. Bh4 Be7 15. O-O Nb4 16. Qb1 Ne4 17. Bxe7 Qxe7 18. a3 Nxc3 19. bxc3
Nc6 20. Rf3 Nxe5 21. dxe5 d4 22. exd4 Bxf3 23. Bxf3 Rab8 24. Qc1 a5 25. d5 Qc5+
26. Kh1 b4 27. axb4 axb4 28. f5 f6 29. cxb4 Rxb4 30. d6 Qxe5 31. d7 Qc7 32. Qc3
Rbb8 33. h3 Rfd8 34. Bd5+ Kh8 35. Be6 Rb7 36. h4 Qf4 37. g3 Qe4+ 38. Kg1 Rb1
39. Rxb1 Qxb1+ 40. Kf2 Qb6+ 41. Ke2 Qc5 42. h5 Ra8 43. Qxc4 Qe5+ 44. Kf2 Qb2+
45. Kf3 Qb7+ 46. Qd5 Qb8 47. Qc5 Qb7+ 48. Bd5 Ra3+ 49. Kg4 1-0

[Event "OLOA 1920 SV Rochade Magdeburg 96 - Nic"]
[Site "?"]
[Date "2020.01.18"]
[Round "6.2"]
[White "Hollan, Petr"]
[Black "Langrock, Hannes"]
[Result "1/2-1/2"]
[WhiteElo "2308"]
[BlackElo "2348"]
[PlyCount "51"]
[EventDate "2020.??.??"]
[EventType "team-tourn"]

{[%evp 0,51,20,6,55,34,72,43,82,58,84,2,28,8,59,50,97,65,71,30,26,24,60,37,46,
-13,2,-39,-34,-60,-21,-26,-21,-21,-5,-12,-3,11,11,-27,-13,-29,-5,-209,-183,0,0,
0,0,0,0,0,0,0]} 1. e4 e6 2. d4 d5 3. Nc3 Nf6 4. e5 Nfd7 5. f4 c5 6. Nf3 Be7 7.
Be3 b6 8. Qd2 Nc6 9. Be2 O-O 10. O-O f5 11. exf6 Nxf6 12. Kh1 Bb7 13. Rae1 Ne4
14. Qd1 Rc8 15. dxc5 Nxc3 16. bxc3 bxc5 17. Ng5 Qd6 18. Bd3 Bxg5 19. fxg5 Ne7
20. Qg4 e5 21. Bxc5 Qxc5 22. Bxh7+ Kxh7 23. Qh3+ Kg8 24. Qe6+ Kh7 25. Qh3+ Kg8
26. Qe6+ 1/2-1/2

[Event "OLOA 1920 SV Rochade Magdeburg 96 - Nic"]
[Site "?"]
[Date "2020.01.18"]
[Round "6.3"]
[White "Wichmann, Cliff"]
[Black "Kuchynka, Lukas"]
[Result "1/2-1/2"]
[WhiteElo "2293"]
[BlackElo "2286"]
[PlyCount "110"]
[EventDate "2020.??.??"]
[EventType "team-tourn"]

{[%evp 0,110,20,20,21,-29,18,63,66,36,36,20,38,38,51,33,37,45,45,6,63,37,47,37,
73,66,66,-7,1,-23,-43,-34,-64,-64,12,-100,-100,-100,-93,-93,-99,-99,-102,-75,
-75,-101,-69,-94,-99,-114,-79,-124,-82,-84,-76,-125,-106,-114,-106,-127,-132,
-140,-113,-125,-42,-41,-9,-32,-32,-52,-58,-53,-61,-42,-61,-80,-48,-68,-25,-18,
-16,-14,10,-4,42,-18,11,0,34,33,0,0,0,0,0,0,5,-19,-28,-28,-46,-42,-42,-50,-16,
-52,-38,-43,-21,-40,-43,-21,-26]} 1. d4 Nf6 2. c4 g6 3. Nc3 Bg7 4. e4 d6 5. Be2
O-O 6. Nf3 e5 7. Be3 Ng4 8. Bg5 f6 9. Bc1 exd4 10. Nxd4 f5 11. O-O fxe4 12.
Bxg4 Bxg4 13. Qxg4 Bxd4 14. Nxe4 Qd7 15. Qh4 Nc6 16. Rd1 Rae8 17. Bh6 Qf5 18.
Re1 Rxe4 19. Qxe4 Bxf2+ 20. Kh1 Bxe1 21. Qxe1 Rd8 22. Qc3 Ne5 23. Re1 b6 24. h3
Re8 25. b4 c5 26. Qd2 Qe6 27. Re4 cxb4 28. Qxb4 Rc8 29. Qa4 Rc7 30. Qb3 Rf7 31.
Qd1 g5 32. Qh5 Qg6 33. Qxg5 Qxg5 34. Bxg5 Rc7 35. Rd4 Nxc4 36. Bf4 Rc6 37. Bh6
Kf7 38. Rg4 Ne5 39. Rg7+ Kf6 40. Rxa7 Kg6 41. Be3 h5 42. Rb7 Nc4 43. Bd4 Kf5
44. Rh7 Kg6 45. Rg7+ Kf5 46. Rh7 Kg6 47. Re7 Rc8 48. Rb7 Ra8 49. Bxb6 Rxa2 50.
Bd4 Rd2 51. Bg1 d5 52. Rc7 Kf5 53. Rh7 Kg6 54. Rc7 Kf5 55. Rh7 Kg6 1/2-1/2

[Event "OLOA 1920 SV Rochade Magdeburg 96 - Nic"]
[Site "?"]
[Date "2020.01.18"]
[Round "6.4"]
[White "Bednar, Marcel"]
[Black "Jurasek, Miroslav"]
[Result "0-1"]
[WhiteElo "2279"]
[BlackElo "2210"]
[PlyCount "56"]
[EventDate "2020.??.??"]
[EventType "team-tourn"]

{[%evp 0,56,20,21,26,26,26,14,37,30,29,16,45,27,44,27,37,-14,-4,-21,-17,-19,
-20,-15,1,24,35,24,30,-23,27,23,44,-14,-14,-17,-8,-143,-112,-205,-230,-230,
-223,-216,-155,-155,-169,-191,-217,-383,-383,-383,-425,-434,-438,-2644,-29992,
-29999,-30000]} 1. d4 Nf6 2. Nf3 e6 3. e3 b6 4. Bd3 Bb7 5. Nbd2 c5 6. O-O Be7
7. b3 Nc6 8. a3 cxd4 9. exd4 O-O 10. Re1 Rc8 11. Qe2 Re8 12. Bb2 Bf8 13. Rad1
Ne7 14. g3 Rc7 15. Ng5 h6 16. d5 Nexd5 17. Nge4 Nxe4 18. Nxe4 f5 19. c4 fxe4
20. Qxe4 Nf6 21. Qg6 e5 22. Bxe5 d6 23. Bf1 Qd7 24. Bxf6 Rxe1 25. Rxe1 Qc6 26.
f3 Qxf3 27. Re7 Rxe7 28. Bxe7 Qe3# 0-1

[Event "OLOA 1920 SV Rochade Magdeburg 96 - Nic"]
[Site "?"]
[Date "2020.01.18"]
[Round "6.5"]
[White "Heinz, Thomas"]
[Black "Mueller, Dominik"]
[Result "1-0"]
[WhiteElo "2172"]
[BlackElo "2267"]
[PlyCount "63"]
[EventDate "2020.??.??"]
[EventType "team-tourn"]

{[%evp 0,63,26,18,43,25,30,13,36,32,73,25,25,-26,9,19,109,37,39,1,18,-21,-21,
-18,17,-25,-9,-13,-21,18,-3,-65,-83,-46,-46,-63,-63,-123,-106,-99,-82,-128,
-126,-188,-188,-281,-252,-404,-243,-274,-181,-293,-277,-310,-294,-294,-257,
-264,-185,-179,305,316,331,402,474,495]} 1. e4 e6 2. d4 d5 3. exd5 exd5 4. Nf3
Bd6 5. Bd3 Nc6 6. c3 Bg4 7. O-O Qd7 8. Nbd2 O-O-O 9. b4 Kb8 10. a4 Nf6 11. a5
Ne7 12. Qa4 Qxa4 13. Rxa4 Ng6 14. g3 Rhe8 15. b5 Ne4 16. Bxe4 dxe4 17. Ng5 Be2
18. Re1 Bxb5 19. Ra1 f5 20. Nxh7 c5 21. c4 Ba6 22. dxc5 Bxc5 23. Ng5 Ne5 24.
Nb3 Be7 25. Kg2 Bxc4 26. Rb1 Nd3 27. Bf4+ Nxf4+ 28. gxf4 Bd6 29. Nd4 Kc8 30.
Rec1 Bxf4 31. Rxc4+ Kb8 32. Nc6+ 1-0

[Event "OLOA 1920 SV Rochade Magdeburg 96 - Nic"]
[Site "?"]
[Date "2020.01.18"]
[Round "6.6"]
[White "Niering, Martin"]
[Black "Heinz, Juergen"]
[Result "1-0"]
[WhiteElo "2214"]
[BlackElo "2192"]
[PlyCount "59"]
[EventDate "2020.??.??"]
[EventType "team-tourn"]

{[%evp 0,59,25,25,94,77,70,46,69,9,39,41,55,23,23,23,14,14,30,25,35,24,24,34,
19,7,44,8,27,-8,5,-8,72,-24,-15,-16,41,-135,149,93,114,260,260,141,400,449,489,
364,473,440,509,480,543,379,464,464,516,516,516,410,478,480]} 1. e4 c5 2. Nc3
Nc6 3. Bb5 g6 4. f4 Bg7 5. Nf3 Nd4 6. O-O Nxb5 7. Nxb5 d6 8. d3 Bd7 9. Nc3 e6
10. Be3 Ne7 11. d4 Qc7 12. Qd2 O-O 13. Rad1 Rad8 14. Qf2 b6 15. Qh4 Bc6 16. g4
Qb7 17. f5 gxf5 18. gxf5 exf5 19. d5 Ng6 20. dxc6 Qxc6 21. Qh3 Rfe8 22. Ng5 Nf8
23. Qxf5 Rd7 24. Nd5 Re5 25. Qf3 Ng6 26. Nf6+ Bxf6 27. Qxf6 Rxe4 28. Nxe4 Qxe4
29. Qf3 Qe6 30. Bh6 1-0

[Event "OLOA 1920 SV Rochade Magdeburg 96 - Nic"]
[Site "?"]
[Date "2020.01.18"]
[Round "6.7"]
[White "Poessel, Christian"]
[Black "Stolz, Mike"]
[Result "0-1"]
[WhiteElo "2008"]
[BlackElo "2320"]
[PlyCount "74"]
[EventDate "2020.??.??"]
[EventType "team-tourn"]

{[%evp 0,74,25,26,69,59,57,24,101,56,65,50,79,48,72,39,49,26,63,48,50,41,89,63,
209,-16,61,61,51,1,38,62,104,141,150,150,185,114,120,171,209,81,59,62,62,59,56,
56,56,-6,-9,-80,-80,-75,-125,-137,-129,-131,-125,-133,-132,-132,-132,-166,-161,
-132,-92,-125,-125,-150,-170,-255,-255,-255,-220,-29989,-642]} 1. d4 f5 2. Nf3
Nf6 3. c4 g6 4. g3 Bg7 5. Bg2 O-O 6. O-O d6 7. d5 Nbd7 8. Nc3 Ne5 9. Nxe5 dxe5
10. Rb1 h5 11. b4 g5 12. f4 gxf4 13. gxf4 e4 14. e3 e5 15. Ne2 c6 16. fxe5 Ng4
17. e6 Be5 18. Nf4 cxd5 19. Qxd5 Bxf4 20. e7+ Qxd5 21. exf8=Q+ Kxf8 22. cxd5
Bxe3+ 23. Bxe3 Nxe3 24. Rf2 Ke7 25. d6+ Kxd6 26. Rd2+ Nd5 27. Bf1 Be6 28. Bc4
Rg8+ 29. Kf1 Ke5 30. Bxd5 Bxd5 31. Rc1 e3 32. Rdd1 f4 33. Rc5 Rd8 34. Ke1 Ke4
35. Rc7 Rg8 36. Kf1 Kf3 37. Rc3 Bc4+ 0-1

[Event "OLOA 1920 SV Rochade Magdeburg 96 - Nic"]
[Site "?"]
[Date "2020.01.18"]
[Round "6.8"]
[White "Weitz, Andreas"]
[Black "Kubikova, Hana"]
[Result "1/2-1/2"]
[WhiteElo "1898"]
[BlackElo "2069"]
[PlyCount "43"]
[EventDate "2020.??.??"]
[EventType "team-tourn"]

{[%evp 0,43,26,26,26,-20,-20,-20,-16,-16,0,-3,3,-9,41,-8,26,41,70,66,66,47,51,
37,59,35,39,0,-2,-8,-5,-26,-7,-14,-6,-27,-9,-70,-53,-47,-38,-40,7,-19,15,14]} 
1. d4 Nf6 2. c4 e6 3. Nc3 d5 4. Nf3 Be7 5. Bg5 Nbd7 6. e3 O-O 7. Rc1 c6 8. cxd5
Nxd5 9. Bxe7 Qxe7 10. Be2 Nxc3 11. bxc3 c5 12. O-O b6 13. Qb3 Bb7 14. Rfd1 Rfd8
15. h3 h6 16. a4 Rab8 17. Qa3 e5 18. d5 e4 19. Ne1 Ne5 20. c4 Rd6 21. f3 exf3
22. Nxf3 1/2-1/2

[Event "OLOA 1920 SG AE Magdeburg II - SG Leipz"]
[Site "?"]
[Date "2020.01.18"]
[Round "6.1"]
[White "Natsidis, Christoph"]
[Black "Rothe, Guido"]
[Result "1-0"]
[WhiteElo "2348"]
[BlackElo "2182"]
[PlyCount "111"]
[EventDate "2020.??.??"]
[EventType "team-tourn"]

{[%evp 0,111,26,20,34,-29,51,2,8,37,29,23,23,8,11,4,-1,-13,12,11,25,14,52,-1,
14,-55,-40,-93,-39,-22,-16,-26,-26,-4,-17,3,27,35,35,-7,19,-11,55,-5,-29,-29,
-21,-41,-41,-61,10,-39,-12,-38,-21,-56,-45,-60,-27,-49,-49,-41,-13,-35,-15,-39,
-29,-95,-32,-118,7,-18,-4,-80,-10,-35,3,0,54,41,41,21,-2,10,2,23,23,70,70,70,
70,86,93,83,132,143,143,211,318,321,308,248,248,276,255,298,358,338,29997,463,
511,479,479,479]} 1. d4 Nf6 2. c4 g6 3. f3 Bg7 4. e4 d6 5. Nc3 O-O 6. Nge2 Nc6
7. Be3 a6 8. Rb1 e5 9. d5 Ne7 10. g4 Nd7 11. h4 f5 12. g5 b5 13. Nc1 bxc4 14.
Bxc4 Nb6 15. Be2 Bd7 16. Nb3 a5 17. Nd2 Nec8 18. Rc1 Qe8 19. Ndb1 Rb8 20. Na3
c6 21. Nc4 Nxc4 22. Bxc4 c5 23. Rh2 Nb6 24. Bd3 Rf7 25. Qe2 Na4 26. Nd1 Qc8 27.
Qc2 fxe4 28. Bxe4 Nb6 29. Qe2 Bf5 30. Nc3 Rfb7 31. Rc2 Qd7 32. Qd3 Rf8 33. Rce2
Nc8 34. Qa6 Rb4 35. a3 Rb3 36. Qxa5 Ne7 37. Qa4 Qb7 38. Qc4 Bd7 39. h5 Nf5 40.
Bxf5 Bxf5 41. h6 Bh8 42. Ne4 Bxe4 43. fxe4 Rf3 44. Qa4 Qb8 45. Bc1 Rb7 46. Rhf2
Rf4 47. Bxf4 exf4 48. Rxf4 Rxb2 49. Rxb2 Bxb2 50. Rf3 Bd4 51. Qb3 Qe8 52. Kd2
Qd8 53. Kd3 Qa5 54. a4 Qa6+ 55. Qb5 Qc8 56. a5 1-0

[Event "OLOA 1920 SG AE Magdeburg II - SG Leipz"]
[Site "?"]
[Date "2020.01.18"]
[Round "6.2"]
[White "Rafayevych, Vilen"]
[Black "Richter, Leonard"]
[Result "1/2-1/2"]
[WhiteElo "2112"]
[BlackElo "2269"]
[PlyCount "96"]
[EventDate "2020.??.??"]
[EventType "team-tourn"]

{[%evp 0,77,20,17,34,-29,60,59,59,59,59,25,15,-12,2,-26,4,12,20,-41,49,55,38,
59,69,76,76,76,100,96,128,144,144,97,88,46,36,33,50,39,21,11,2,2,2,5,-3,-24,29,
48,48,48,41,34,12,12,-1,-50,13,13,-7,-7,4,4,4,4,-17,-74,8,8,-4,-12,-12,-76,-65,
10,10,-61,-63,-30]} 1. d4 Nf6 2. c4 g6 3. Nc3 Bg7 4. e4 d6 5. Nge2 O-O 6. Ng3
e5 7. d5 a5 8. Be2 Na6 9. h4 Ne8 10. h5 Nc5 11. Be3 f5 12. hxg6 hxg6 13. exf5
gxf5 14. Nh5 b6 15. Nxg7 Nxg7 16. Bh6 Qf6 17. Qd2 f4 18. O-O-O Bf5 19. g4 Bh7
20. g5 Qf5 21. g6 Bxg6 22. Rdg1 f3 23. Bf1 Rf6 24. Rg5 Qf4 25. Qxf4 exf4 26.
Rhg1 Kh7 27. Bxg7 Kxg7 28. Nb5 Re8 29. Nxc7 Re1+ 30. Kd2 Re7 31. Ne6+ Rfxe6 32.
dxe6 Ne4+ 33. Kd1 Nxg5 34. Rxg5 Rxe6 35. Bd3 Kh6 36. Rxg6+ Rxg6 37. Bxg6 Kxg6
38. Kd2 Kf5 39. Kd3 Ke5 40. a4 d5 41. cxd5 Kxd5 42. b3 Kc5 43. Kc3 b5 44. axb5
Kxb5 45. Kb2 Kb4 46. Kc2 Kc5 47. Kc3 Kd5 48. Kd3 Kc5 1/2-1/2

[Event "OLOA 1920 SG AE Magdeburg II - SG Leipz"]
[Site "?"]
[Date "2020.01.18"]
[Round "6.3"]
[White "Heistermann, Till"]
[Black "Noack, Marcel"]
[Result "1/2-1/2"]
[WhiteElo "2167"]
[BlackElo "2029"]
[PlyCount "91"]
[EventDate "2020.??.??"]
[EventType "team-tourn"]

{[%evp 0,91,17,-29,58,-16,18,-2,5,31,31,-43,-35,-35,-21,-11,40,-15,2,-31,11,1,
24,2,2,-23,43,-9,-27,-30,-27,-35,8,-42,-27,-76,-99,-84,-84,-75,-68,-85,-85,-94,
-13,-42,-42,-42,-42,-56,-49,-49,-40,-57,-64,-101,-88,-88,-45,-81,-81,-109,-91,
-154,-117,-173,-101,-140,-105,-83,-83,-122,-19,-123,8,8,-34,-10,-7,0,0,0,0,0,0,
0,0,0,25,0,0,-65,-18,-18]} 1. c4 g6 2. g3 Bg7 3. Bg2 Nc6 4. Nc3 e5 5. e3 d6 6.
Nge2 Be6 7. b3 Qd7 8. Nd5 O-O-O 9. h3 Nce7 10. Bb2 c6 11. Nxe7+ Nxe7 12. d4 d5
13. c5 f6 14. Qd2 h5 15. Bc3 g5 16. Qb2 e4 17. b4 h4 18. g4 f5 19. gxf5 Bxf5
20. a4 g4 21. b5 g3 22. fxg3 hxg3 23. bxc6 Nxc6 24. Nxg3 Bxh3 25. O-O-O Bg4 26.
Rdg1 Bh6 27. Nf1 Ne7 28. Qb5 Qxb5 29. axb5 Be2 30. Bh3+ Kb8 31. Kd2 Bxb5 32.
Ng3 Rdf8 33. Bf1 Bd7 34. Be2 Rf6 35. Rh5 Rhf8 36. Re5 Nf5 37. Nxf5 Rxf5 38. Re7
R8f7 39. Rg8+ Kc7 40. Rxf7 Rxf7 41. Ba5+ b6 42. cxb6+ axb6 43. Bxb6+ Kb7 44.
Rg6 Rf2 45. Rxh6 Bb5 46. Bd8 1/2-1/2

[Event "OLOA 1920 SG AE Magdeburg II - SG Leipz"]
[Site "?"]
[Date "2020.01.18"]
[Round "6.4"]
[White "Brueggemann, Florian"]
[Black "Gempe, Thomas"]
[Result "0-1"]
[WhiteElo "1980"]
[BlackElo "2187"]
[PlyCount "50"]
[EventDate "2020.??.??"]
[EventType "team-tourn"]

{[%evp 0,50,17,10,17,-12,-3,-13,12,22,14,-28,-9,-47,-39,-39,-5,-38,-26,-26,-1,
-65,-58,-72,-36,-61,-51,-36,-20,-30,-27,-82,0,0,0,-45,48,-31,47,-131,-27,-143,
-145,-220,-203,-306,-339,-339,-242,-371,-583,-977,-1015]} 1. Nf3 d5 2. g3 Nf6
3. Bg2 e6 4. O-O Be7 5. b3 O-O 6. Ba3 Bxa3 7. Nxa3 Qe7 8. Qc1 e5 9. c4 e4 10.
Ng5 h6 11. Nh3 c6 12. d3 Re8 13. cxd5 cxd5 14. Nb5 Nc6 15. Qf4 g5 16. Nxg5 hxg5
17. Qxg5+ Kh8 18. dxe4 dxe4 19. Qf4 Qe5 20. Qh6+ Kg8 21. Na3 Ng4 22. Qc1 Nd4
23. Qd1 Rd8 24. Kh1 Nxh2 25. e3 Qh8 0-1

[Event "OLOA 1920 SG AE Magdeburg II - SG Leipz"]
[Site "?"]
[Date "2020.01.18"]
[Round "6.5"]
[White "Hoffmann, Hendrik"]
[Black "Windelband, Jens"]
[Result "1/2-1/2"]
[WhiteElo "2246"]
[BlackElo "2123"]
[PlyCount "76"]
[EventDate "2020.??.??"]
[EventType "team-tourn"]

{[%evp 0,76,17,18,54,7,52,17,62,24,50,46,46,-12,-5,-26,29,27,24,24,4,4,10,-11,
25,5,42,-9,-9,-12,-18,-27,-45,-52,13,23,23,-3,30,-15,-22,-58,-3,-40,-75,-75,
-98,-99,3,-92,-84,-61,-10,0,6,0,6,7,3,3,3,-13,-3,-12,-20,-20,-7,-28,-28,-28,
-40,-48,-48,-47,-8,0,0,0,0]} 1. e4 e6 2. d4 d5 3. Nd2 c5 4. exd5 exd5 5. Ngf3
Nf6 6. Be2 Nc6 7. O-O cxd4 8. Nb3 Bd6 9. Nbxd4 O-O 10. Bg5 h6 11. Bh4 g5 12.
Bg3 Ne4 13. Nxc6 bxc6 14. Bxd6 Qxd6 15. Bd3 f5 16. c4 Qf6 17. cxd5 cxd5 18. Rc1
Rb8 19. Qa4 Rxb2 20. Rc7 Bb7 21. Nd4 Qd6 22. Rd7 Qb6 23. Qa3 Nc5 24. Re7 Nxd3
25. Ne6 Qb4 26. Rg7+ Kh8 27. Qxd3 Rf6 28. Rxb7 Qxb7 29. Qd4 Qe7 30. Qxb2 Qxe6
31. Qb8+ Kh7 32. Qxa7+ Rf7 33. Qc5 Rd7 34. Qd4 Qe4 35. Rd1 Qxd4 36. Rxd4 Ra7
37. Rxd5 Rxa2 38. g3 Kg6 1/2-1/2